| 000 | 01697cad a22002175a 4500 | ||
|---|---|---|---|
| 001 | L156178 | ||
| 008 | 120502s2012 xxk 000 0 eng d | ||
| 035 | _a(Sirsi) u156178 | ||
| 041 | 0 | _aeng | |
| 110 | 2 |
_aBNP Paribas Real Estate _95715 |
|
| 245 | 0 | 0 |
_aAt a glance main investment markets in Western Europe _bQ1 2012 _h[electronic resource] |
| 260 |
_aParis _bBNP Paribas _c2012 |
||
| 490 | 0 |
_aBNP Paribas Real Estate at a Glance Main Investment Markets in Western Europe _vQ1 2012 |
|
| 520 | _aOn a rolling year basis, total investment volume in Q1 2012 amounted to Euros 41.4bn in the nine primary markets, an average 9% increase compared to the previous year but differing among individual countries. On a rolling year basis the shares of office (72%) investment and retail (14%) investment did not vary. However Q1 saw a significant drop in retail investment. Commercial real estate yields stayed at a low level sustained by investors? undiminished demand. Only Germany remains confident about 2012; Southern European countries are generally pessimistic. | ||
| 520 | _aReal estate investment volumes ? Real estate average prime yields ? Office investment volume and prime yields ? Retail investment volume and prime yields. Main investment market indicators (nine cities): total investment market ? office investment market ? retail investment market ? industrial investment market. | ||
| 590 | _aKA | ||
| 651 | 4 | _aEurope | |
| 690 |
_aCommercial property _96227 |
||
| 856 | 4 | 0 |
_uhttps://www.realestate.bnpparibas.com/bnppre/overview-no-end-in-sight-to-markets-divergence-april-2012-p_1541066 _zView the report after creating an account (free) at www.realestate.bnpparibas.com |
| 942 | _n0 | ||
| 999 |
_c83961 _d83961 |
||